00357pab a2200121 454500008004000000100002100040245008300061260000900144300001300153362001000166650002500176773003400201180718b2008 xxu||||| |||| 00| 0 eng d aAggarwal, Ashish aIndigenous institutions for natural resource management: potential and threats c2008 ap.21-24. a7 Jun aResources management aEconomic and Political Weekly